| 000 | 00362cam a2200145ua 4500 | ||
|---|---|---|---|
| 041 |
_aeng _h |
||
| 082 |
_a822 _bLOR/TH |
||
| 100 | _aLorca, Garcia . | ||
| 245 |
_aThree tragedies of Garcia Lorca / _cGarcia Lorca. _hTextual Documents |
||
| 260 |
_aLondon : _bSecker & Warburg , _c1959. |
||
| 300 | _a216 ; . | ||
| 504 | _a | ||
| 942 | _cBK | ||
| 999 |
_c6189 _d6189 |
||